| 000 | 00522nam a2200181 4500 | ||
|---|---|---|---|
| 003 | SEACOMEC | ||
| 005 | 20240930160250.0 | ||
| 008 | 240930b |||||||| |||| 00| 0 eng d | ||
| 020 |
_a978-8120303973 _c250.00 |
||
| 040 | _aSEACOMEC | ||
| 082 |
_a005.74 _bM974 |
||
| 100 | _a Murdick, Robert G. | ||
| 245 |
_aInformation Systems for Modern Management / _cRobert G. Murdick , Joel E. Ross & James R. Claggett |
||
| 250 | _a3rd ed | ||
| 260 |
_aNew Delhi _b Prentice Hall India _c2004 |
||
| 300 | _a466 p | ||
| 942 | _cBOOK | ||
| 999 |
_c1731 _d1731 |
||